भारतीय समाज से सम्बंधित सामान्य अध्ययन एवं सामयिकी / (Record no. 198024)

MARC details
000 -LEADER
fixed length control field 00842nam a22001937a 4500
005 - DATE AND TIME OF LATEST TRANSACTION
control field 20230912125714.0
010 ## - LCCN (DPL NO)
LC control number HIN-125915
020 ## - INTERNATIONAL STANDARD BOOK NUMBER
International Standard Book Number 9789355182203
Terms of availability 775.00
035 ## - SYSTEM CONTROL NUMBER
System control number HN-98261
037 ## - SOURCE OF ACQUISITION
Source of stock number/acquisition DBAD/PUB
082 ## - DEWEY DECIMAL CLASSIFICATION NUMBER
Classification number 000
100 ## - MAIN ENTRY--PERSONAL NAME
Personal name हसनैन, नदीम
245 ## - TITLE STATEMENT
Title भारतीय समाज से सम्बंधित सामान्य अध्ययन एवं सामयिकी /
Statement of responsibility, etc नदीम हसनैन
260 ## - PUBLICATION, DISTRIBUTION, ETC. (IMPRINT)
Place of publication, distribution, etc नई दिल्ली
Name of publisher, distributor, etc वाणी प्रकाशन ग्रुप
Date of publication, distribution, etc 2022
270 ## - ADDRESS
Address 4695, 21- ए दरियागंज
City नई दिल्ली
Postal code 110002
300 ## - PHYSICAL DESCRIPTION
Extent 374 पृ.
Dimensions 22 सेमी (सजिल्द)
700 ## - ADDED ENTRY--PERSONAL NAME
Personal name सरोज कोठारी
9 (RLIN) 56380
942 ## - ADDED ENTRY ELEMENTS (KOHA)
Item type Hindi Books
Source of classification or shelving scheme Dewey Decimal Classification
Classification part 000
Call number suffix हसनै
Holdings
Withdrawn status Lost status Not for loan Collection code Home library Current library Date acquired Source of acquisition Cost, normal purchase price Full call number Barcode Copy number Cost, replacement price Koha item type
      Non-fiction Mobile Library Mobile Library 12/09/2023 DBAD/PUB 775.00 000 हसनै HN-98261 1 775.00 Hindi Books

© Delhi Public Library
Hit Counter
free hit counter